000
00260nam a2200109Ia 4500
008
220204s9999 xx 000 0 und d
082
_a
331.2(094.5)
_b
MUT
100
_a
Muthuswamy
245
0
_a
Pay rules made easy
260
_a
Madras
_b
Swamy
_c
1980
942
_c
BK
999
_c
44985
_d
44985